000
00310nam a2200121Ia 4500
008
240719s9999 xx 000 0 und d
041
_a
eng
082
_a
813.54 SPA
100
_a
Sparks, Nicholas
245
_a
Walk To Remember
260
_a
New York
_b
Grand Central Publishing,
_c
1999
300
_a
193.; P. 22 Cm
999
_c
41298
_d
41298